000 00443cam a2200169ua 4500
020 _c2.50
041 _amal
_h
082 _a590
_bPIL/MR
100 _aPillai, M S Koothattukulam .
245 _aMrigasalayil /
_cKoothattukulam M S Pillai.
_hTextual Documents
260 _aKottayam :
_bSahitya Pravarthaka Co-operative Society ,
_c1962.
300 _a184 ; .
365 _a2.50
504 _a
942 _cBK
999 _c5048
_d5048